000 00468nam a2200205Ia 4500
003 0100
008 130227s9999 xx 000 0 und d
040 _cARRUPELIB
050 _aPR9408.M87C6S5
100 _aCouto, Mia
245 _aSleepwalking land
260 _aLondon
260 _bSerpetn's Tail
260 _C2006
300 _a213p.
300 _b 23 cm
650 _bGreek language - Grammar
650 _cGreek language - Idioms
942 _2lcc
_01
999 _c3544
_d3544